Διεθνείς σχέσεις και εξωτερική πολιτική στον 21ο αιώνα

Αποθηκεύτηκε σε:
Λεπτομέρειες βιβλιογραφικής εγγραφής
Κύριος συγγραφέας: Βαρβαρούσης, Πάρις
Μορφή: Βιβλίο
Γλώσσα:Greek
Δημοσίευση: Αθήνα : Παπαζήσης, 2004.
Θέματα:
Ετικέτες: Προσθήκη ετικέτας
Δεν υπάρχουν, Καταχωρήστε ετικέτα πρώτοι!

MARC

LEADER 00000nam a2200000 a 4500
001 1/110890
008 160531s2004####gr | ||| |||| ||gre||
020 |a 9600218072 
040 |a GR-MyUa  |b gre  |c GR-MyUa  |e AACR2 
041 0 |a gre 
082 7 |a 327.101   |2 (23) 
100 1 |a Βαρβαρούσης, Πάρις. 
245 1 0 |a Διεθνείς σχέσεις και εξωτερική πολιτική στον 21ο αιώνα /   |c Πάρις Βαρβαρούσης.  
260 |a Αθήνα :   |b Παπαζήσης,   |c 2004.  
300 |a 517 σ. ;   |c 21 εκ.  
504 |a Βιβλιογραφία: σ. [493]-517.  
650 0 |a International relations. 
650 0 |a World politics  |y 21st century. 
852 |a INST  |b RHODES  |c EUDOXUS  |e 20160531  |h 327.101 ΒΑΡ  |p 005400038492  |q 005400038492  |t EDX  |y 0 
920 |a Εύδοξος  |b Παραγγελία  |y Ρόδος-ΤΜΣ  |z 2016-04 
970 |z 31-05-2016